Normal view
MARC view
- Lecture notes in computer science ;
Entry Uniform Title
001 - CONTROL NUMBER
- control field: 17990
003 - CONTROL NUMBER IDENTIFIER
- control field: NUST
005 - DATE AND TIME OF LATEST TRANSACTION
- control field: 20190718061829.0
008 - FIXED-LENGTH DATA ELEMENTS
- fixed length control field: 190718|| aca||aabn | a|a d
040 ## - CATALOGING SOURCE
- Original cataloging agency: NUST
- Transcribing agency: NUST
130 ## - HEADING--UNIFORM TITLE
- Uniform title: Lecture notes in computer science ;
- Form subdivision: 33
670 ## - SOURCE DATA FOUND
- Source citation: Work cat.: (NUST)0: Automata theory and formal languages :, 1975.
